000
00326nam a2200133Ia 4500
008
230724s2006 xx und d
020
_a
8977482577
041
_a
eng
082
_a
725.5
100
_a
JEONG
245
_a
CONCEPT ANNUAL 2006, CONCEPT AND COMPETITION 02
260
_b
C.B.S. PUBLISERS
_c
2006
300
_a
150
999
_c
1176681
_d
1176681